Banner

Hechos y crítica política (Record no. 260)

MARC details
000 -LEADER
campo de control de longitud fija 01043nam a22002417a 4500
001 - NÚMERO DE CONTROL
campo de control 000707
003 - IDENTIFICADOR DE NÚMERO DE CONTROL
campo de control CoMeUDC000707
005 - FECHA Y HORA DE LA ÚLTIMA TRANSACCIÓN
campo de control 20181129194245.0
008 - DATOS DE LONGITUD FIJA--INFORMACIÓN GENERAL
campo de control de longitud fija 970828s 1986col 00010 d
037 ## - FUENTE DE ADQUISICIÓN
Número de adquisición D
040 ## - FUENTE DE CATALOGACIÓN
Centro/agencia transcriptor CoMeUDC
092 ## - ASIGNACIÓN LOCAL DE SIGNATURA TOPOGRÁFICA DEWEY (OCLC)
Número de clasificación 320.98
Número de ítem L358h
100 20 - ENTRADA PRINCIPAL--NOMBRE DE PERSONA
Nombre de persona Latorre Rueda, Mario
245 10 - MENCIÓN DEL TÍTULO
Título Hechos y crítica política
Mención de responsabilidad, etc. / Mario Latorre R.
260 ## - PUBLICACIÓN, DISTRIBUCIÓN, ETC.
Lugar de publicación, distribución, etc. Bogotá :
Nombre del editor, distribuidor, etc. Univ. Nacional de Colombia ,
Fecha de publicación, distribución, etc. 1986
300 ## - DESCRIPCIÓN FÍSICA
Extensión 199 p.
440 ## - MENCIÓN DE SERIE/PUNTO DE ACCESO ADICIONAL--TÍTULO
Título Colección Roberto Luis Jaramillo
505 ## - NOTA DE CONTENIDO CON FORMATO
Nota de contenido con formato Contenido: El origen del plebiscito y algunos aspectos de la reforma de 1968. Antes de las elecciones del 4 de junio de 1978 partidos, movimientos de opinión y populismo. Colombia una sociedad bloqueada? Candidatos presidenciales y grupos de presión. 1982 y el panorama político. Memorial en favor de un conservatismo político. Monoclasista, ni policlasista.
630 #0 - PUNTO DE ACCESO ADICIONAL DE MATERIA--TÍTULO UNIFORME
9 (RLIN) 492
Título uniforme Política y gobierno
Subdivisión geográfica Colombia.
651 ## - PUNTO DE ACCESO ADICIONAL DE MATERIA--NOMBRE GEOGRÁFICO
Nombre geográfico COLOMBIA
Subdivisión general POLÍTICA
942 ## - ELEMENTOS DE ENTRADA SECUNDARIOS (KOHA)
Fuente del sistema de clasificación o colocación Clasificación Decimal Dewey
Tipo de ítem Koha Libros
949 ## - PROCESAMIENTO DE INFORMACIÓN LOCAL (OCLC)
a 320.98 L358h
c 1
m BG
l C.GENERAL
t LIBRO
k C.GENERAL
Holdings
Estatus retirado Estado de pérdida Fuente del sistema de clasificación o colocación Estado de daño No para préstamo Colección Biblioteca de origen Biblioteca actual Fecha de adquisición Fuente de adquisición Signatura topográfica completa Código de barras Visto por última vez Copia número Precio de reemplazo Tipo de ítem Koha
    Clasificación Decimal Dewey     Colección general U DE COLOMBIA - Biblioteca U DE COLOMBIA - Biblioteca 29/11/2018 Donación 320.98 L358h 000707 29/11/2018 1 29/11/2018 Libros


Biblioteca Académica Corporación Universitaria U DE COLOMBIA | Teléfono: +(57) (4) 2398080 ext. 1112 | E-mail: biblioteca@udecolombia.edu.co | Dirección: Calle 56 Nº 41 – 147 (Bolivia con Girardot)
Horario de atención: lunes a viernes 8:00 a.m. a 8:00 p.m. - sábados 8:00 a.m. a 4:00 p.m.
Implementado por Grupo EGS.

Powered by Koha